00717 2200253 4500001002100000005001700021008004100038020002200079035002400101041000800125043001300133082001300146090002400159100002200183245010400205250001000309260002700319300003100346504001700377650002100394700001400415850001200429999002200441YOGYA-0711000000080020110715103456.0 ind  a978-979-29-1719-2 0010-071100000000800 aInd aYOPD DIY a004.0285 aDEP 004.0285bSar P aSARWONO, Jonathan aPAW Statistics 18 : belajar statistik menjadi mudah dan cepatcJonathan Sarwono ; editor, Hernita P aCet 4 aYogyakartabAndic2010 aviii, 296 hlmbilusc23 cm ahlm. 295-296 aData - Statistik aHernita P aYOPDYOG aCB-D.11 2010-1793